| 000 | 00903nam a2200277 i 4500 | ||
|---|---|---|---|
| 001 | 189428 | ||
| 003 | SpMaBN | ||
| 005 | 20230906223454.0 | ||
| 008 | 190531s1996 sp |||| | spa d | ||
| 020 | _a84-01-45141-8 | ||
| 080 | _a32(460)"1975/1982" | ||
| 100 | 1 |
_aPrego, Victoria. _993746 |
|
| 245 | 1 | 0 |
_aAsí se hizo la Transición / _cVictoria Prego. |
| 250 | _a1ª ed. en esta colección. | ||
| 260 |
_aBarcelona : _bPlaza y Janés, _c1996. |
||
| 300 |
_a690 p. ; _c19 cm. |
||
| 490 | 1 | _aLos libros de Manuel Leguineche Fax Press | |
| 490 | 1 | _aTribuna | |
| 500 | _aÍndice onomástico. | ||
| 504 | _aReferencias bibliográficas. | ||
| 651 | 7 |
_aEspaña- _xHistoria- _y1975-1982, Transición. _9149272 |
|
| 830 | 0 |
_aLos libros de Manuel Leguineche Fax Press _9225827 |
|
| 830 | 0 |
_aTribuna _9181406 |
|
| 852 |
_aES-MaACL _jL-32424 _z. - Donat. Carmen Zumárraga |
||
| 999 |
_c189428 _d189428 |
||